000 00393pab a2200145 454500
008 180718b1983 xxu||||| |||| 00| 0 eng d
100 _aDe, Nitish R.
245 _aConcept of a holding company
_bElements of structural design
260 _c1983
300 _aM-19-39
362 _a26 Feb.
650 _aGovernment Enterprise - India
773 _aEconomic and Political Weekly
909 _a9260
999 _c9260
_d9260